00898nam a22002177i 4500003000900000005001700009007000300026008004100029020001800070040003000088082002900118100004500147245018300192264003900375300002100414336002700435337003300462338002800495500008700523650007000610DO-SdBNP20240821090021.0ta201016b ||||| |||| 00| 0 eng d a9789945000832 aDO-SdBNPbspacBNPHUerda a 348.7293046 bG643e22210aGonzàlez Canahuate, L. Almanzoreautor aEnciclopedia jurisprudencial integrada :bde las decisiones de la Suprema Corte de Justicia de la Repùblica Dominicana en materia de tierras /cL. Almanzor Gonzàlez Canahuate aSanto Domingo :bCentenario,c2007 avolumen ;c24 cm 2rdacontentatextobtxt 2rdamediaasin mediaciónbn 2rdacarrieravolumenbnc aVolumen XII, Tomo III (tierras), treinta y siete (37) años (1970-Diciembre 2006) 4aSuprema Corte de JusticiaxJurisprudenciazRepública Dominicana